Kraje nordyckie - quiz - Statystyki

Ogólne statystyki
  • Ten quiz został rozwiązany 194 razy
  • Średni wynik to 16 z 27
Statystyki odpowiedzi
Hint Odpowiedź % Poprawnych
Kraje Norwegia
100%
Kraje Finlandia
99%
Kraje Szwecja
99%
Kraje Dania
97%
Stolice Oslo
97%
Kraje Islandia
93%
Stolice Sztokholm
91%
Stolice Helsinki
90%
Stolice Kopenhaga
90%
Morza Morze Bałtyckie
84%
Stolice Reykjavík
78%
Oceany Ocean Atlantycki
75%
Morza Morze Północne
70%
Oceany Ocean Arktyczny
68%
Kraje ościenne Rosja
61%
Kraje ościenne Niemcy
54%
Obszary autonomiczne Grenlandia
47%
Morza Morze Norweskie
47%
Obszary autonomiczne Wyspy Owcze
36%
2. największe miasta Göteborg
31%
2. największe miasta Bergen
28%
2. największe miasta Aarhus
17%
Morza Morze Barentsa
14%
Morza Morze Grenlandzkie
13%
Obszary autonomiczne Wyspy Alandzkie
11%
2. największe miasta Espoo
8%
2. największe miasta Kopavogur
2%
Nie znaleziono quizów pasujących do podanych kryteriów
Rozkład punktacji
Procent ludzi z każdym wynikiem
Percentyl według liczby udzielonych odpowiedzi
Twoja historia wyników
Nie rozwiązałeś tego quizu